| 000 | 00610cam a2200229 4500 | ||
|---|---|---|---|
| 001 | 2188242 | ||
| 005 | 20171220042011.0 | ||
| 008 | 730115t19731972nyu b 000 0 eng | ||
| 010 | _a 72081761 | ||
| 040 |
_aDLC _cDLC _dDLC |
||
| 041 | _aeng | ||
| 043 | _aa-ii--- | ||
| 080 | _a301.3210954552 MAM | ||
| 082 | 0 | 0 | _a301.3210954552 MAM |
| 100 | 1 | _a21 | |
| 101 | _aGJL | ||
| 245 | 1 | 4 | _aThe myth of population control; |
| 350 | _a$7.95 | ||
| 504 | _aBibliography: p. 167-173. | ||
| 906 |
_a7 _bcbc _corignew _d2 _eopcn _f19 _gy-gencatlg |
||
| 942 |
_2ddc _cBK |
||
| 999 |
_c39201 _d39201 |
||